00660nam a2200193Ia 450000500170000000800410001702000150005804000240007305000220009708200120011910000200013124500800015126001070023130000310033856300110036965000300038065000160041065000400042620250227165526.0210628s9999 xx 000 0 und d a9780480099 aNLNbEnglisheAACR2 aDT515.76.A235bA3 a920.669 aADI, S. Y.eaut 0aYinoluwa :ba possible journey through life : an autobiography /cS. Y. Adi aIbadan, Oyo State (P. O. Box 20024, University of Ibadan Post Office) :bSam Bookman Publishers,c2001 axii, 276p. :bill. ; 23cm. a(pbk)  aAdị, Yinoluwa S., 1946- aReminiscing aEvangelistsvNigeriaxAutobiography